Informační systémy v moderním personálním řízení

Salvato in:
Dettagli Bibliografici
Autore principale: Žufan, Jan
Natura: Libro
Lingua:ceco
Pubblicazione: Praha Wolters Kluwer ČR 2012
Soggetti:
Tags: Aggiungi Tag
Nessun Tag, puoi essere il primo ad aggiungerne!!

MARC

LEADER 00000nam a2200000 4500
001 0177999
005 20240313085853.9
020 |a 978-80-7357-955-5 
041 0 |a cze 
044 |a CZ 
245 1 0 |a Informační systémy v moderním personálním řízení  |c Jan Žufan 
264 1 |a Praha  |b Wolters Kluwer ČR  |c 2012 
300 |a 119 s. 
610 2 0 |a systémy informačné 
610 2 0 |a podnik 
610 2 0 |a riadenie personálne 
610 2 0 |a riadenie podnikové 
610 2 0 |a informácie 
610 2 0 |a zamestnanci 
610 2 0 |a práca administratívna 
610 2 0 |a zdroje ľudské 
610 2 0 |a ochrana informácií 
610 2 0 |a bezpečnosť informačná 
100 1 |a Žufan, Jan